000 01627nam0a2200337 4500
001 RU\NLR\bibl\1373384
005 20260409063504.0
010 _a978-5-699-34729-2
_93000
021 _aRU
_b2009-39897
_9187д
035 _a(NLR Aleph) 001365503
090 _a1008301
_c1008301
100 _a20090525d2009 |||y0rusy50 ca
101 0 _arus
102 _aRU
105 _ay |||||||||
200 1 _aЖилищный кодекс Российской Федерации
_eпо состоянию на 15 мая 2009 года
_e[от 29 декабря 2004 года N° 188-Ф3
_eпринят Государственной Думой 22 декабря 2004 года
_eодобрен Советом Федерации 24 декабря 2004 года
_e(ред. от 23.07.2008)]
210 _aМосква
_cЭксмо
_d2009
215 _a176 с.
_d17
225 1 _aКарманный справочник юриста
300 _aЗагл. корешка: ЖК РФ
320 _aАлф.-предм. указ.: c. 173-176
516 0 _aЖК РФ
604 _171001$aРоссийская Федерация
_150011$aЖилищный кодекс$2nlr_sh2$3RU\NLR\AUTH\661259622
_aРоссийская Федерация
_tЖилищный кодекс
_92083558
_3RU\NLR\AUTH\661259622
686 _aХ623.211.33-324.9(2Р)
740 1 _aРоссийская Федерация
_tЗаконы
_iЖилищный кодекс
_3RU\NLR\AUTH\880379479
_9425342
801 0 _aRU
_bNLR
_c20090525
_gRCR
801 1 _aRU
_bNLR
_c20090525
942 _cBOOK
980 _aNB